Science and society in the sanskrit world (Record no. 395859)

MARC details
000 -LEADER
fixed length control field 00689 a2200241 4500
005 - DATE & TIME
control field 20260509110506.0
008 - FIXED-LENGTH DATA ELEMENTS--GENERAL INFORMATION
fixed length control field 260505b |||||||| |||| 00| 0 eng d
020 ## - ISBN
International Standard Book Number 9789360809515
Price Rs. 2595.00
040 ## - CATALOGING SOURCE
Original cataloging agency VIVEKANANDA LIBRARY
082 ## - DDC NUMBER
Classification number 294.5921
Book Number F629S
100 ## - MAIN ENTRY--PERSONAL NAME
Personal name Fleming, Christopher T, ed.
245 ## - TITLE STATEMENT
Title Science and society in the sanskrit world
260 ## - PUBLICATION, DISTRIBUTION, ETC. (IMPRINT)
Name of publisher, distributor, etc Manohar Publishers
Date of publication, distribution, etc 2025
Place of publication, distribution, etc New Delhi
300 ## - PHYSICAL DESCRIPTION
Pages xxviii, 480
650 ## - Subject
Subject Vedas- Criticism and Interpretation
650 ## - Subject
Subject Vedic Literature
650 ## - Subject
Subject Sanskrit Literature
650 ## - Subject
Subject Indology
700 ## - Added Entry Personal Name
Added Entry Personal Name Knudsen, Toke L, ed.
700 ## - Added Entry Personal Name
Added Entry Personal Name Anuj, Misra, ed.
700 ## - Added Entry Personal Name
Added Entry Personal Name Sharma, Vishal, ed.
942 ## - ADDED ENTRY ELEMENTS (KOHA)
Koha item type Books
Holdings
Withdrawn status Lost status Source of classification or shelving scheme Damaged status Not for loan Location (home branch) Sublocation or collection (holding branch) Shelving location Date acquired Koha issues (times borrowed) Koha full call number Accession No. Koha date last seen Koha item type
    Dewey Decimal Classification     VIVEKANANDA LIBRARY VIVEKANANDA LIBRARY Vivekananda Library 05/02/2026   294.5921 F629S 438162 05/02/2026 Books
© Designed and Maintained by Vivekananda Library, MDU Rohtak